[Event "EU Union-ch 4th"]
[Site "Liverpool"]
[Date "2008.09.09"]
[Round "1"]
[White "Tebb, David"]
[Black "Luther, Thomas"]
[Result "1/2-1/2"]
[WhiteElo "2215"]
[BlackElo "2570"]
[PlyCount "55"]
[EventDate "2008.09.09"]
[EventType "swiss"]
[EventRounds "10"]
[EventCountry "ENG"]
[SourceTitle "CBM 126 Extra"]
[Source "ChessBase"]
[SourceDate "2008.11.05"]
[SourceVersion "1"]
[SourceVersionDate "2008.11.05"]
[SourceQuality "1"]

1. e4 e6 2. d4 d5 3. Nc3 Nf6 4. e5 Nfd7 5. f4 c5 6. Nf3 Nc6 7. Be3 Qb6 8. Na4 Qa5+ 9. c3 b6 10. Bd2 c4 11. b4 Qa6 12. Nb2 Qa3 13. Nxc4 dxc4 14. Bxc4 Ba6 15. Bb3 Nxb4 16. cxb4 Bxb4 17. Bxb4 Qxb4+ 18. Qd2 Qe7 19. Kf2 0-0 20. Rhc1 Bb7 21. Rc3 Rfd8 22. Qe3 Nf8 23. Rac1 Rac8 24. Rxc8 Bxc8 25. d5 exd5 26. Nd4 Bd7 27. Bxd5 Be6 28. Be4 1/2-1/2

[Event "GBR-ch Major op 95th"]
[Site "Liverpool"]
[Date "2008.08.07"]
[Round "10"]
[White "Sugden, John N"]
[Black "Tebb, David"]
[Result "1-0"]
[WhiteElo "2149"]
[BlackElo "2215"]
[PlyCount "81"]
[EventDate "2008.07.28"]
[EventType "swiss"]
[EventRounds "11"]
[EventCountry "ENG"]
[SourceTitle "CBM 125 Extra"]
[Source "ChessBase"]
[SourceDate "2008.09.01"]
[SourceVersion "1"]
[SourceVersionDate "2008.09.01"]
[SourceQuality "1"]

1. d4 Nf6 2. c4 g6 3. Nc3 d5 4. cxd5 Nxd5 5. e4 Nxc3 6. bxc3 Bg7 7. Bc4 c5 8. Ne2 Nc6 9. Be3 0-0 10. 0-0 Bd7 11. Qd2 Qc7 12. Rac1 Na5 13. Bd3 e5 14. f4 f6 15. d5 b6 16. c4 Nb7 17. Ng3 Nd6 18. fxe5 fxe5 19. Qe2 a6 20. Rxf8+ Rxf8 21. Nf1 Bf6 22. Nd2 Qd8 23. Rb1 Nc8 24. Bh6 Rf7 25. Qe3 Qc7 26. Nf3 Nd6 27. Ng5 Re7 28. Rf1 Bg7 29. Bxg7 Rxg7 30. Qf3 Qd8 31. Qf6 Qxf6 32. Rxf6 Nc8 33. Rf1 b5 34. Rf6 bxc4 35. Bxc4 Bb5 36. Bxb5 axb5 37. Rc6 Na7 38. Rxc5 Rb7 39. Nf3 Kf7 40. Nxe5+ Ke7 41. Nd3 1-0

[Event "EU Union-ch"]
[Site "Liverpool"]
[Date "2006.09.06"]
[Round "1"]
[White "Tebb, David"]
[Black "Haslinger, Stewart"]
[Result "0-1"]
[WhiteElo "2231"]
[BlackElo "2423"]
[PlyCount "136"]
[EventDate "2006.09.06"]
[EventType "swiss"]
[EventRounds "10"]
[EventCountry "ENG"]
[SourceTitle "CBM 114 Extra"]
[Source "ChessBase"]
[SourceDate "2006.11.03"]
[SourceVersion "1"]
[SourceVersionDate "2006.11.03"]
[SourceQuality "1"]

1. e4 e5 2. Nf3 Nc6 3. Bb5 a6 4. Ba4 Nf6 5. 0-0 Nxe4 6. d4 b5 7. Bb3 d5 8. dxe5 Be6 9. Nbd2 Be7 10. Qe2 Nc5 11. Rd1 0-0 12. Nf1 Nxb3 13. axb3 Qe8 14. Ne3 Rd8 15. c3 Bc5 16. Nd4 Nxe5 17. Rxa6 Bc8 18. Ra8 b4 19. Nef5 Ng6 20. Qxe8 Rdxe8 21. Ne3 Nf4 22. Kf1 Bb7 23. Ra4 Ra8 24. Nec2 Ne6 25. cxb4 Nxd4 26. Nxd4 Bd6 27. Bd2 Rab8 28. Bc3 Bc8 29. h3 Be6 30. Re1 Rfe8 31. b5 Bd7 32. Rxe8+ Bxe8 33. Ra5 f6 34. Ke2 Bc5 35. b4 Bxd4 36. Bxd4 Bxb5+ 37. Kd2 Bf1 38. g3 c6 39. Bc5 Bxh3 40. Ra7 Bf1 41. Re7 h5 42. Re1 Bg2 43. Re6 Rc8 44. Re7 Kh7 45. Bd4 Kg6 46. Be3 Rb8 47. Bc5 Bf1 48. Rc7 Bb5 49. Re7 Ra8 50. Re1 Kf5 51. Rh1 g6 52. Rh4 Ra1 53. Rf4+ Ke6 54. Rf3 Kf7 55. Bd4 f5 56. Re3 f4 57. Rf3 g5 58. gxf4 g4 59. Re3 h4 60. Re5 Rf1 61. Rg5 g3 62. fxg3 Rf3 63. Rf5+ Ke8 64. Re5+ Kd7 65. Re3 h3 66. Re5 Rd3+ 67. Kc2 Rxd4 68. Rh5 Bf1 0-1

[Event "BCF-chT 0304 (4NCL)"]
[Site "West Bromwich"]
[Date "2004.05.23"]
[Round "11.6"]
[White "Tebb, David"]
[Black "Shikerov, Stefan"]
[Result "1-0"]
[WhiteElo "2240"]
[BlackElo "2328"]
[PlyCount "81"]
[EventDate "2003.10.18"]
[EventType "team-tourn"]
[EventRounds "11"]
[EventCountry "ENG"]
[SourceTitle "EXT 2005"]
[Source "ChessBase"]
[SourceDate "2004.11.15"]
[SourceVersion "1"]
[SourceVersionDate "2004.11.15"]
[SourceQuality "1"]
[WhiteTeam "Micro Mark NWE"]
[BlackTeam "Barbican"]
[WhiteTeamCountry "ENG"]
[BlackTeamCountry "ENG"]

1. e4 c5 2. Nf3 Nc6 3. d4 cxd4 4. Nxd4 Nf6 5. Nc3 e5 6. Ndb5 d6 7. Bg5 a6 8. Na3 b5 9. Bxf6 gxf6 10. Nd5 f5 11. Bd3 Be6 12. 0-0 Bxd5 13. exd5 Ne7 14. c3 e4 15. Bc2 Bg7 16. Qh5 0-0 17. Rae1 Qd7 18. f3 Ng6 19. fxe4 f4 20. Bd1 Be5 21. Bg4 Qe7 22. Bf5 Kg7 23. Nc2 h6 24. Nb4 Qg5 25. Qxg5 hxg5 26. Nc6 Kf6 27. Bxg6 fxg6 28. h3 g4 29. hxg4 Rh8 30. Kf2 Kg5 31. Kf3 Rh4 32. Rh1 Rxg4 33. Rh3 a5 34. Reh1 b4 35. Nxe5 dxe5 36. c4 b3 37. a3 Rc8 38. Rc1 Rh4 39. Rxh4 Kxh4 40. c5 Kg5 41. d6 1-0

[Event "BCF-chT2 0001 (4NCL)"]
[Site "Birmingham"]
[Date "2000.09.23"]
[Round "1.3"]
[White "Tebb, David"]
[Black "Cooksey, Paul S"]
[Result "0-1"]
[WhiteElo "2271"]
[BlackElo "2205"]
[PlyCount "72"]
[EventDate "2000.11.26"]
[EventType "team-tourn"]
[EventRounds "11"]
[EventCountry "ENG"]
[SourceTitle "CBM 079 Extra"]
[Source "ChessBase"]
[SourceDate "2001.01.11"]
[SourceVersion "2"]
[SourceVersionDate "2001.01.25"]
[SourceQuality "1"]
[WhiteTeam "NW Eagles"]
[BlackTeam "WIT"]
[WhiteTeamCountry "ENG"]
[BlackTeamCountry "ENG"]

1. e4 c5 2. Nf3 Nc6 3. d4 cxd4 4. Nxd4 g6 5. c4 Bg7 6. Be3 Nf6 7. Nc3 d6 8. Be2 0-0 9. 0-0 Bd7 10. Qd2 Nxd4 11. Bxd4 Bc6 12. f3 a5 13. b3 Nd7 14. Be3 Nc5 15. Rab1 Qb6 16. Rfc1 Rfc8 17. Bf1 Qd8 18. Rc2 Qf8 19. a3 Be5 20. b4 axb4 21. axb4 Na4 22. Ne2 b5 23. Nd4 bxc4 24. Bxc4 Bd7 25. f4 Bg7 26. e5 dxe5 27. fxe5 Bxe5 28. Rf1 Bf6 29. Bg5 Nb6 30. Bb3 Rxc2 31. Nxc2 Bxg5 32. Qxg5 e6 33. Ne3 Qxb4 34. Ng4 Qd4+ 35. Kh1 Ra1 36. Nf6+ Kh8 0-1

[Event "BCF-chT 9900 (4NCL)"]
[Site "Birmingham"]
[Date "2000.01.23"]
[Round "6.5"]
[White "Tebb, David"]
[Black "Littlewood, Paul E"]
[Result "1-0"]
[WhiteElo "2272"]
[BlackElo "2411"]
[PlyCount "73"]
[EventDate "1999.10.??"]
[EventType "team-tourn"]
[EventRounds "11"]
[EventCountry "ENG"]
[SourceTitle "EXT 2000"]
[Source "ChessBase"]
[SourceDate "1999.11.16"]
[SourceVersion "1"]
[SourceVersionDate "1999.11.16"]
[SourceQuality "1"]
[WhiteTeam "NW Eagles"]
[BlackTeam "Wood Green"]
[WhiteTeamCountry "ENG"]
[BlackTeamCountry "ENG"]

1. e4 e5 2. f4 exf4 3. Bc4 Nf6 4. Nc3 c6 5. Bb3 d5 6. exd5 Bd6 7. Qe2+ Be7 8. d4 0-0 9. Bxf4 cxd5 10. 0-0-0 Nc6 11. Nf3 Na5 12. Ne5 Nxb3+ 13. axb3 Bb4 14. Kb1 Bxc3 15. bxc3 Ne4 16. Rd3 f6 17. Nf3 Re8 18. Qf1 a5 19. Nd2 a4 20. b4 Bf5 21. Nxe4 Rxe4 22. g4 Bxg4 23. Rg3 Be2 24. Qg2 Qe7 25. Rg1 g5 26. Bxg5 Kf7 27. Bh6 Ke6 28. Rg7 Qe8 29. Rxb7 Bg4 30. h3 Bf5 31. Rb6+ Kd7 32. Qg7+ Re7 33. Rb7+ Ke6 34. Re1+ Be4 35. Rxe4+ dxe4 36. d5+ Kd6 37. Qxf6+ 1-0

[Event "BCF-chT 9900 (4NCL)"]
[Site "Birmingham"]
[Date "1999.10.10"]
[Round "2.5"]
[White "Tebb, David"]
[Black "Wade, Robert Graham"]
[Result "1-0"]
[WhiteElo "2272"]
[BlackElo "2204"]
[PlyCount "75"]
[EventDate "1999.10.??"]
[EventType "team-tourn"]
[EventRounds "11"]
[EventCountry "ENG"]
[SourceTitle "EXT 2000"]
[Source "ChessBase"]
[SourceDate "1999.11.16"]
[SourceVersion "1"]
[SourceVersionDate "1999.11.16"]
[SourceQuality "1"]
[WhiteTeam "NW Eagles"]
[BlackTeam "HH"]
[WhiteTeamCountry "ENG"]
[BlackTeamCountry "ENG"]

1. e4 d6 2. Nc3 Nf6 3. f4 c6 4. Nf3 Bg4 5. h3 Bxf3 6. Qxf3 Nbd7 7. g4 e5 8. f5 h6 9. d3 Be7 10. Bd2 b5 11. Bg2 a5 12. h4 b4 13. Ne2 d5 14. g5 dxe4 15. dxe4 hxg5 16. hxg5 Rxh1+ 17. Bxh1 Nh7 18. Qh5 Bxg5 19. Bxg5 Nxg5 20. 0-0-0 g6 21. fxg6 fxg6 22. Qxg6+ Nf7 23. Qg8+ Ke7 24. Qg4 Ra7 25. Ng3 Qh8 26. Nf5+ Kf8 27. Bf3 Rc7 28. Kb1 Qg8 29. Qh4 Qg5 30. Qf2 Qf4 31. Rg1 Nh6 32. Ng7 Qf6 33. Nh5 Qe6 34. Be2+ Qf7 35. Qe3 Ng8 36. Rf1 Ngf6 37. Nxf6 Nxf6 38. Qg5 1-0

[Event "BCF-chT 9899 (4NCL)"]
[Site "England"]
[Date "1999.05.02"]
[Round "10.8"]
[White "Regan, Natasha"]
[Black "Tebb, David"]
[Result "1/2-1/2"]
[WhiteElo "2151"]
[BlackElo "2256"]
[PlyCount "96"]
[EventDate "1998.10.??"]
[EventType "team-tourn"]
[EventRounds "11"]
[EventCountry "ENG"]
[SourceTitle "EXT 2000"]
[Source "ChessBase"]
[SourceDate "1999.11.16"]
[SourceVersion "1"]
[SourceVersionDate "1999.11.16"]
[SourceQuality "1"]
[WhiteTeam "BIG"]
[BlackTeam "NW Eagles"]
[WhiteTeamCountry "ENG"]
[BlackTeamCountry "ENG"]

1. e4 e5 2. f4 Nc6 3. Bc4 Nf6 4. Nc3 Nxe4 5. Nf3 Nd6 6. Bb3 e4 7. Ng5 Nd4 8. 0-0 Nxb3 9. axb3 Be7 10. d3 exd3 11. Qxd3 h6 12. Nh3 0-0 13. f5 Ne8 14. Qg3 Kh7 15. Nd5 Bc5+ 16. Kh1 c6 17. Bg5 f6 18. Be3 Bxe3 19. Nxe3 d5 20. Nf4 Nd6 21. Qg6+ Kh8 22. Rae1 d4 23. Nh5 Qc7 24. Nc4 Nxf5 25. Rxf5 Bxf5 26. Qxf5 Rae8 27. Rf1 b5 28. Nd2 Re5 29. Qg4 Rg5 30. Qf3 Re8 31. Ng3 Rge5 32. Nf5 Re2 33. Qd3 c5 34. Qxb5 a6 35. Qd3 Re1 36. Kg1 Qf4 37. Ng3 R8e3 38. Qxa6 Rxf1+ 39. Ndxf1 Re1 40. Qc8+ Kh7 41. Qf5+ Qxf5 42. Nxf5 Re2 43. b4 Rxc2 44. bxc5 d3 45. N5e3 Rxb2 46. Nc4 Rb5 47. Nfd2 Rxc5 48. Kf2 Kg6 1/2-1/2

[Event "BCF-chT 9899 (4NCL)"]
[Site "England"]
[Date "1999.05.01"]
[Round "9.5"]
[White "Richardson, John R"]
[Black "Tebb, David"]
[Result "1-0"]
[WhiteElo "2316"]
[BlackElo "2256"]
[PlyCount "111"]
[EventDate "1998.10.??"]
[EventType "team-tourn"]
[EventRounds "11"]
[EventCountry "ENG"]
[SourceTitle "EXT 2000"]
[Source "ChessBase"]
[SourceDate "1999.11.16"]
[SourceVersion "1"]
[SourceVersionDate "1999.11.16"]
[SourceQuality "1"]
[WhiteTeam "BCM"]
[BlackTeam "NW Eagles"]
[WhiteTeamCountry "ENG"]
[BlackTeamCountry "ENG"]

1. d4 Nf6 2. c4 c5 3. e3 g6 4. Nc3 Bg7 5. Nf3 0-0 6. Be2 d6 7. 0-0 Bf5 8. d5 Ne4 9. Nxe4 Bxe4 10. Ng5 Bf5 11. e4 Bc8 12. f4 e6 13. dxe6 fxe6 14. Bd3 Nc6 15. Qg4 Nd4 16. Be3 Qe8 17. e5 Nf5 18. Qh3 h6 19. Ne4 Qd8 20. Nxd6 Nxd6 21. exd6 Qxd6 22. Bxg6 e5 23. Qh5 exf4 24. Bxc5 Bd4+ 25. Bxd4 Qxd4+ 26. Kh1 Qxb2 27. Qxh6 Qg7 28. Qxg7+ Kxg7 29. Be4 Rb8 30. Bd5 b5 31. c5 b4 32. Rae1 Rb5 33. Re7+ Kh6 34. Rc7 Bg4 35. Re1 Rc8 36. Rxc8 Bxc8 37. Rc1 Kg5 38. Bb3 Kf6 39. Kg1 Ke5 40. Kf2 Bg4 41. h3 Bf5 42. c6 Bc8 43. Kf3 Rb6 44. Rc4 a5 45. Ba4 Rb8 46. Rc5+ Kd6 47. Rxa5 Be6 48. Bb3 Bxb3 49. axb3 Kxc6 50. Kxf4 Rd8 51. Re5 Rd1 52. Re3 Kd5 53. g4 Kd4 54. g5 Rf1+ 55. Rf3 Rh1 56. g6 1-0

[Event "BCF-chT 9899 (4NCL)"]
[Site "England"]
[Date "1998.10.25"]
[Round "2.4"]
[White "Upton, Ian J"]
[Black "Tebb, David"]
[Result "0-1"]
[WhiteElo "2225"]
[BlackElo "2250"]
[PlyCount "44"]
[EventDate "1998.10.??"]
[EventType "team-tourn"]
[EventRounds "11"]
[EventCountry "ENG"]
[SourceTitle "EXT 2000"]
[Source "ChessBase"]
[SourceDate "1999.11.16"]
[SourceVersion "1"]
[SourceVersionDate "1999.11.16"]
[SourceQuality "1"]
[WhiteTeam "Wessex"]
[BlackTeam "NW Eagles"]
[WhiteTeamCountry "ENG"]
[BlackTeamCountry "ENG"]

1. d4 Nf6 2. c4 g6 3. Nc3 d5 4. cxd5 Nxd5 5. Na4 Bg7 6. e4 Nb6 7. Be3 0-0 8. Nf3 Bg4 9. Nc5 Qc8 10. Qb3 Bxf3 11. gxf3 Nc6 12. 0-0-0 Nd7 13. Nxd7 Qxd7 14. d5 Na5 15. Qb4 b6 16. Bb5 Qh3 17. f4 c6 18. dxc6 Rac8 19. Kb1 Nxc6 20. Qa4 Qe6 21. Rd2 Na5 22. Ba6 Nc4 0-1

[Event "BCF-chT 9899 (4NCL)"]
[Site "England"]
[Date "1998.10.24"]
[Round "1.4"]
[White "Tebb, David"]
[Black "Gurevich, Mikhail"]
[Result "0-1"]
[WhiteElo "2260"]
[BlackElo "2635"]
[PlyCount "62"]
[EventDate "1998.10.??"]
[EventType "team-tourn"]
[EventRounds "11"]
[EventCountry "ENG"]
[SourceTitle "CBM 068"]
[Source "ChessBase"]
[SourceDate "1999.02.01"]
[SourceVersion "1"]
[SourceVersionDate "1999.02.01"]
[SourceQuality "1"]
[WhiteTeam "NW Eagles"]
[BlackTeam "Slough"]
[WhiteTeamCountry "ENG"]
[BlackTeamCountry "ENG"]

1. e4 e6 2. d4 d5 3. Nc3 Nf6 4. Bg5 dxe4 5. Nxe4 Be7 6. Bxf6 Bxf6 7. Nf3 0-0 8. Qd2 Nd7 9. 0-0-0 b6 10. Bd3 Bb7 11. h4 Be7 12. Qf4 Nf6 13. Nxf6+ Bxf6 14. Ng5 h6 15. Bh7+ Kh8 16. Be4 Bxe4 17. Nxe4 Be7 18. c4 Qd7 19. Kb1 Rad8 20. Rd3 Qc6 21. Rc1 f5 22. Nd2 e5 23. Qxe5 Bxh4 24. d5 Qc5 25. Rh1 Qxf2 26. Rdh3 Rde8 27. Qc3 Bf6 28. Rxh6+ gxh6 29. Rxh6+ Kg7 30. Qh3 Qxd2 31. Rh7+ Kg8 0-1

[Event "BCF-chT 9798 (4NCL)"]
[Site "England"]
[Date "1998.05.24"]
[Round "10.2"]
[White "Levitt, Jonathan"]
[Black "Tebb, David"]
[Result "1/2-1/2"]
[WhiteElo "2425"]
[BlackElo "2260"]
[PlyCount "62"]
[EventDate "1997.11.??"]
[EventType "team-tourn"]
[EventRounds "11"]
[EventCountry "ENG"]
[SourceTitle "CBM 064 Extra"]
[Source "ChessBase"]
[SourceDate "1998.07.07"]
[SourceVersion "1"]
[SourceVersionDate "1998.07.07"]
[SourceQuality "1"]
[WhiteTeam "Wood Green"]
[BlackTeam "NW Eagles"]
[WhiteTeamCountry "ENG"]
[BlackTeamCountry "ENG"]

1. d4 Nf6 2. c4 c5 3. d5 b5 4. cxb5 a6 5. b6 e6 6. Nc3 Nxd5 7. Nxd5 exd5 8. Qxd5 Nc6 9. Nf3 Be7 10. e4 Rb8 11. Bc4 0-0 12. 0-0 Rxb6 13. Qh5 Qe8 14. e5 Bd8 15. Re1 Nb4 16. Re2 Bb7 17. Be3 Bxf3 18. Qxf3 Qxe5 19. Bg5 Qxe2 20. Qxe2 Bxg5 21. Qe5 Bf6 22. Qxc5 Rbb8 23. Qd6 Nc2 24. Rd1 Rxb2 25. Qxa6 d5 26. Bb3 Nd4 27. Bxd5 Ne2+ 28. Kf1 Nc3 29. Bxf7+ Rxf7 30. Re1 Rf8 31. a4 Kh8 1/2-1/2

[Event "BCF-chT 9798 (4NCL)"]
[Site "England"]
[Date "1998.03.22"]
[Round "8.5"]
[White "Webster, Andrew"]
[Black "Tebb, David"]
[Result "1-0"]
[WhiteElo "2420"]
[BlackElo "2260"]
[PlyCount "95"]
[EventDate "1997.11.??"]
[EventType "team-tourn"]
[EventRounds "11"]
[EventCountry "ENG"]
[SourceTitle "CBM 064 Extra"]
[Source "ChessBase"]
[SourceDate "1998.07.07"]
[SourceVersion "1"]
[SourceVersionDate "1998.07.07"]
[SourceQuality "1"]
[WhiteTeam "Midland Monarchs"]
[BlackTeam "NW Eagles"]
[WhiteTeamCountry "ENG"]
[BlackTeamCountry "ENG"]

1. c4 Nf6 2. g3 g6 3. Bg2 Bg7 4. Nc3 0-0 5. e4 d6 6. Nge2 c5 7. 0-0 Nc6 8. d3 a6 9. Rb1 Rb8 10. a4 Bd7 11. h3 Ne8 12. Be3 Nc7 13. d4 cxd4 14. Nxd4 Qc8 15. Kh2 Ne6 16. Nde2 Nb4 17. Nd5 Nxd5 18. cxd5 Nc5 19. a5 f5 20. exf5 Bxf5 21. b4 Bxb1 22. Qxb1 Nd7 23. Nf4 Nf6 24. Ne6 Qd7 25. Nxf8 Rxf8 26. Rc1 Rc8 27. Rxc8+ Qxc8 28. b5 axb5 29. Qxb5 Nd7 30. Bf3 h5 31. Qb1 Kf7 32. Be4 Nf8 33. h4 Qc7 34. Qb5 Qc8 35. Bg2 Bf6 36. Bh3 Qa8 37. Qb4 Bg7 38. Bb6 Bf6 39. Qc4 Be5 40. Kg1 Qe8 41. Qc8 Qb5 42. Qxb7 Qb1+ 43. Bf1 Nh7 44. a6 Nf6 45. a7 Ne4 46. a8Q Nd2 47. Qaa6 Nf3+ 48. Kh1 1-0

[Event "BCF-chT 9798 (4NCL)"]
[Site "England"]
[Date "1998.01.24"]
[Round "5.4"]
[White "Morris, Charles F"]
[Black "Tebb, David"]
[Result "0-1"]
[WhiteElo "2245"]
[BlackElo "2260"]
[PlyCount "92"]
[EventDate "1997.11.??"]
[EventType "team-tourn"]
[EventRounds "11"]
[EventCountry "ENG"]
[SourceTitle "CBM 064 Extra"]
[Source "ChessBase"]
[SourceDate "1998.07.07"]
[SourceVersion "1"]
[SourceVersionDate "1998.07.07"]
[SourceQuality "1"]
[WhiteTeam "SW Dragons"]
[BlackTeam "NW Eagles"]
[WhiteTeamCountry "ENG"]
[BlackTeamCountry "ENG"]

1. Nf3 Nf6 2. d4 g6 3. c4 Bg7 4. g3 0-0 5. Bg2 d5 6. cxd5 Nxd5 7. e4 Nb6 8. h3 c5 9. dxc5 Qxd1+ 10. Kxd1 Na4 11. Kc2 f5 12. e5 Nxc5 13. Nc3 Nc6 14. Be3 Nb4+ 15. Kd1 Rd8+ 16. Nd2 Ncd3 17. f4 Nxb2+ 18. Ke2 Nc2 19. Rac1 Nxe3 20. Kxe3 Be6 21. Bxb7 Rd3+ 22. Ke2 Rad8 23. Rc2 Rxg3 24. Bf3 Nd3 25. Ke3 Bh6 26. Ne2 Nb4 27. Rb2 Rd3+ 28. Kf2 Rgxf3+ 29. Nxf3 Bd5 30. Rxb4 Rxf3+ 31. Ke1 Bxa2 32. Ra4 Bd5 33. Rh2 Kf7 34. h4 Be4 35. Rf2 Rh3 36. Rxa7 Rxh4 37. Kd2 Rh3 38. Nd4 Rd3+ 39. Ke2 Rxd4 40. Rh2 Bg7 41. Rxh7 Bd5 42. Ra5 Bc4+ 43. Ke3 Re4+ 44. Kf3 Be2+ 45. Kg3 g5 46. fxg5 Kg6 0-1

[Event "BCF-ch 85th"]
[Site "Torquay"]
[Date "1998.??.??"]
[Round "2"]
[White "Leech, Aiden M"]
[Black "Tebb, David"]
[Result "0-1"]
[WhiteElo "2150"]
[BlackElo "2260"]
[PlyCount "66"]
[EventDate "1998.08.??"]
[EventType "swiss"]
[EventRounds "11"]
[EventCountry "ENG"]
[SourceTitle "CBM 066 Extra"]
[Source "ChessBase"]
[SourceDate "1998.11.06"]
[SourceVersion "1"]
[SourceVersionDate "1998.11.06"]
[SourceQuality "1"]

1. e4 c5 2. c3 d6 3. g3 Nf6 4. Bg2 e5 5. Ne2 Nc6 6. 0-0 h5 7. h4 Be7 8. Na3 Ng4 9. f3 Nh6 10. d4 cxd4 11. cxd4 f6 12. Nc4 b5 13. Ne3 g5 14. Nd5 Nf7 15. Be3 gxh4 16. gxh4 Rg8 17. Kh2 f5 18. Nxe7 Qxe7 19. Qe1 f4 20. Bf2 Qf6 21. d5 Nd4 22. Nxd4 exd4 23. Rg1 Ne5 24. Bh1 Bg4 25. Bxd4 Nxf3+ 26. Bxf3 Qxd4 27. Qe2 Ke7 28. Bxg4 hxg4 29. Rxg4 f3 30. Qxf3 Raf8 31. Qg3 Rxg4 32. Qxg4 Qxb2+ 33. Kh3 Qc3+ 0-1

[Event "BCF-ch 85th"]
[Site "Torquay"]
[Date "1998.??.??"]
[Round "3"]
[White "Tebb, David"]
[Black "Ward, Christopher"]
[Result "0-1"]
[WhiteElo "2260"]
[BlackElo "2480"]
[PlyCount "66"]
[EventDate "1998.08.??"]
[EventType "swiss"]
[EventRounds "11"]
[EventCountry "ENG"]
[SourceTitle "CBM 066 Extra"]
[Source "ChessBase"]
[SourceDate "1998.11.06"]
[SourceVersion "1"]
[SourceVersionDate "1998.11.06"]
[SourceQuality "1"]

1. e4 c5 2. Nf3 d6 3. d4 cxd4 4. Nxd4 Nf6 5. Nc3 g6 6. Be3 Bg7 7. f3 Nc6 8. Qd2 0-0 9. 0-0-0 Nxd4 10. Bxd4 Be6 11. Kb1 Qc7 12. Bb5 a6 13. Ba4 b5 14. Bb3 b4 15. Nd5 Bxd5 16. exd5 Rfb8 17. Ba4 Nxd5 18. Bxg7 Nb6 19. Qh6 Nxa4 20. Rd4 Nc3+ 21. Ka1 Qa5 22. bxc3 b3 23. cxb3 Qxc3+ 24. Kb1 Rxb3+ 25. axb3 Qxb3+ 26. Kc1 Rc8+ 27. Kd2 Rc2+ 28. Ke1 Qe6+ 29. Re4 Qa2 30. Kf1 Rf2+ 31. Ke1 Rxg2 32. Qc1 Qf2+ 33. Kd1 Qxf3+ 0-1